000 00685nam a2200217Ii 4500
003 JO-AjNU
008 230605s9999||||xx |||||||||||||| ||und||
017 _a2010/8/2846
040 _aJO-AjNU
_bara
_erda
_cJO-AjNU
041 _aara
050 1 4 _aPJ7862.H37.M37 2011
100 3 _aالشريف، سمير احمد ,
_eauthor
_957545
245 0 0 _aمرايا الليل: قصص
250 _aط1
264 3 1 _aعمان: المولف، 2010
300 _a95ص
336 _atext
_btxt
_2rdacontent
337 _aunmediated
_bn
_2rdamedia
338 _avolume
_bnc
_2rdacarrier
650 4 _aالقصص العربية القصيرة-القرن العشرين- الاردن
_957546
999 _aA25795
_c29363
_d29363